000 00389 a2200169 4500
001 69900
020 _a8528100375
040 _cAnchieta - Itaigara
100 _aMachado, Ana Maria
240 1 0 _aUm Natal que não termina
_lpor
245 1 0 _aUm Natal que não termina
300 _a32
362 0 _a1993
440 1 _aSalamandra
650 4 _aLiteratura infanto-juvenil
942 _cBK
999 _c69900
_d69900